000 00526nam a2200121Ia 4500
008 231221s9999 xx 000 0 und d
041 _aEnglish
082 _aQPMBBSUG04-1784
245 0 _aPathology (General Pathology and Haematology) (New Regulations) Paper-I [e resource : question paper] : Second MBBS degree exam, Apr/May 2004 (507-A)
260 _c2004/05
_bNTRU
_aAndra Pradesh
650 _aPathology,(General,Pathology,Haemotology),(New,Regulations),Paper-I,[e,:,paper],:,MBBS,exam,,Apr/May,2004,(507-A)
942 _cDL
999 _c205657
_d205657